000 00295nam a22001337a 4500
008 170403b xxu||||| |||| 00| 0 eng d
020 _a9780321015181
041 _aeng
080 _24TH
_a574
100 _a9
101 _aSHM
245 _aELEMENTS OF ECOLOGY
_cSMITH, R.L
942 _2udc
_cBK
999 _c9540
_d9540